[Event "2015 British Chess Championships: Championship"]
[Site "University of Warwick, Coventry, Warwickshire"]
[Date "2015.08.07"]
[Round "11"]
[Board "16"]
[White "Asenov, Pavel"]
[Black "Mason, Donald J"]
[Result "0-1"]
[WhiteElo "2081"]
[BlackElo "2145"]
[PlyCount "104"]
[EventDate "2015.07.27"]
[EventRounds "11"]
[EventCountry "ENG"]

1. d4 Nf6 2. c4 e6 3. Nc3 Bb4 4. e3 O-O 5. Nge2 d5 6. a3 Be7 7. cxd5 exd5 8.
Nf4 c6 9. Bd3 Re8 10. O-O Bd6 11. b4 a6 12. f3 b6 13. Kh1 Qc7 14. Ra2 Nbd7 15.
g4 Nf8 16. Rc2 Qb8 17. Nce2 g5 18. Nh5 Nxh5 19. gxh5 Bxh2 20. Rf2 Bd6 21. Qg1
f6 22. f4 h6 23. fxg5 fxg5 24. Rf6 Kg7 25. Qf2 Be6 26. Rxc6 Qd8 27. Rf3 Rc8 28.
Rxc8 Qxc8 29. Bd2 g4 30. Qg2 Qd8 31. Nf4 Kh8 32. Rf1 Qg5 33. Kg1 Bxf4 34. exf4
Qxh5 35. f5 Bf7 36. Rf4 g3 37. Rf1 Qh4 38. Bf4 Nd7 39. Bxa6 Ra8 40. Bb5 Nf6 41.
a4 Ne4 42. Be5+ Kh7 43. Bc7 Rc8 44. Be5 Rc3 45. Bd7 Qg4 46. Bf4 Nf2 47. Be5
Nh3+ 48. Kh1 Ng5 49. Ra1 Qh5+ 50. Kg1 Nh3+ 51. Kf1 Rf3+ 52. Ke1 Rf2 0-1

[Event "2015 British Chess Championships: Championship"]
[Site "University of Warwick, Coventry, Warwickshire"]
[Date "2015.08.07"]
[Round "11"]
[Board "17"]
[White "Jones, William E G"]
[Black "Hill, Alistair"]
[Result "1/2-1/2"]
[WhiteElo "2115"]
[BlackElo "2159"]
[PlyCount "44"]
[EventDate "2015.07.27"]
[EventRounds "11"]
[EventCountry "ENG"]

1. e4 c5 2. Nf3 Nc6 3. d4 cxd4 4. Nxd4 Nf6 5. Nc3 e5 6. Ndb5 d6 7. Bg5 a6 8.
Na3 b5 9. Nd5 Be7 10. Bxf6 Bxf6 11. c4 b4 12. Nc2 O-O 13. g3 a5 14. Bg2 Be6 15.
O-O Bg5 16. Qd3 Bxd5 17. cxd5 Nb8 18. a3 bxa3 19. Rxa3 Nd7 20. b4 axb4 21. Rxa8
Qxa8 22. Nxb4 Nc5 1/2-1/2

[Event "2015 British Chess Championships: Championship"]
[Site "University of Warwick, Coventry, Warwickshire"]
[Date "2015.08.07"]
[Round "11"]
[Board "18"]
[White "Willmoth, Robert F"]
[Black "Okhai, Shabir"]
[Result "1-0"]
[WhiteElo "2173"]
[BlackElo "1994"]
[PlyCount "115"]
[EventDate "2015.07.27"]
[EventRounds "11"]
[EventCountry "ENG"]

1. c4 e6 2. g3 d5 3. Bg2 Nf6 4. Nf3 Nbd7 5. O-O Bd6 6. d4 c6 7. b3 O-O 8. Bb2
Re8 9. Nc3 a6 10. Qc2 Nf8 11. Rfd1 Ng6 12. e4 dxe4 13. Nxe4 Be7 14. h4 h5 15.
Ne5 Nxe4 16. Nxg6 Nf6 17. Nxe7+ Qxe7 18. Bf3 Ng4 19. Qe2 e5 20. dxe5 Bf5 21.
Rd2 Rad8 22. Rad1 Rxd2 23. Qxd2 Bg6 24. Qd6 Bc2 25. Rd2 Bf5 26. Re2 Qe6 27.
Qxe6 Bxe6 28. Be4 Rd8 29. Bc2 a5 30. Bc1 a4 31. f3 axb3 32. axb3 Nh6 33. Bxh6
gxh6 34. Kf2 b5 35. cxb5 cxb5 36. Ke3 b4 37. Rd2 Rc8 38. Bd1 Kg7 39. Rd4 Rc3+
40. Kd2 Bxb3 41. Rxb4 Bxd1 42. Kxc3 Bxf3 43. Rb6 Bd5 44. Rf6 Ba2 45. Kd4 Bb3
46. Kc5 Ba2 47. Kd6 Bc4 48. Ke7 Bb3 49. Rf2 Bc4 50. Rf4 Be6 51. Ke8 Bd5 52. g4
hxg4 53. Rxg4+ Kh7 54. Kf8 h5 55. Rf4 Kh6 56. Rf6+ Kh7 57. Rxf7+ Kg6 58. Rf6+
 1-0

[Event "2015 British Chess Championships: Championship"]
[Site "University of Warwick, Coventry, Warwickshire"]
[Date "2015.08.07"]
[Round "11"]
[Board "19"]
[White "Burke, Mitchell R"]
[Black "Zhang, Anthony Y"]
[Result "0-1"]
[WhiteElo "1966"]
[BlackElo "2109"]
[PlyCount "72"]
[EventDate "2015.07.27"]
[EventRounds "11"]
[EventCountry "ENG"]

1. e4 c5 2. Nc3 Nc6 3. f4 g6 4. Nf3 Bg7 5. Bb5 Nd4 6. O-O a6 7. Bd3 d6 8. Nxd4
cxd4 9. Ne2 Nf6 10. Kh1 e5 11. fxe5 dxe5 12. Bc4 b5 13. Bb3 d3 14. cxd3 Qxd3
15. Rf3 Qd6 16. d3 Bg4 17. Rg3 h5 18. Qf1 Ra7 19. h4 O-O 20. Bg5 Nh7 21. Nc3
Bf6 22. Nd5 Bxg5 23. hxg5 Nxg5 24. Nf6+ Kg7 25. Nxg4 hxg4 26. Qf2 Qd7 27. Rf1
f6 28. Rxg4 Raa8 29. Rg3 Qd6 30. Kg1 Rac8 31. Bd5 Rc7 32. d4 exd4 33. Rd1 Qe5
34. Rgd3 Rh8 35. Qg3 Rc2 36. Qg4 Qh2+ 0-1

[Event "2015 British Chess Championships: Championship"]
[Site "University of Warwick, Coventry, Warwickshire"]
[Date "2015.08.07"]
[Round "11"]
[Board "20"]
[White "Jarmany, John"]
[Black "Gower, Sam"]
[Result "1/2-1/2"]
[WhiteElo "2036"]
[BlackElo "1915"]
[PlyCount "51"]
[EventDate "2015.07.27"]
[EventRounds "11"]
[EventCountry "ENG"]

1. d4 Nf6 2. c4 e6 3. Nc3 Bb4 4. e3 O-O 5. Bd3 Bxc3+ 6. bxc3 d6 7. Nf3 Nc6 8.
Qc2 Re8 9. O-O e5 10. Nd2 h6 11. Rb1 b6 12. Rd1 Bb7 13. Ba3 Qe7 14. c5 dxc5 15.
Bxc5 bxc5 16. Rxb7 cxd4 17. cxd4 Nb4 18. Qc4 Nxd3 19. Rxc7 Qe6 20. Qxd3 Qxa2
21. Ne4 Nxe4 22. Qxe4 exd4 23. Qxd4 a5 24. Ra1 Qb3 25. Ra7 Qb8 26. Rxa8 1/2-1/2

[Event "2015 British Chess Championships: Championship"]
[Site "University of Warwick, Coventry, Warwickshire"]
[Date "2015.08.07"]
[Round "11"]
[Board "21"]
[White "Hegarty, Sarah N"]
[Black "Coleman, David J"]
[Result "1/2-1/2"]
[WhiteElo "2075"]
[BlackElo "2231"]
[PlyCount "71"]
[EventDate "2015.07.27"]
[EventRounds "11"]
[EventCountry "ENG"]

1. e4 c5 2. Nf3 d6 3. d4 cxd4 4. Nxd4 Nf6 5. Nc3 a6 6. Bg5 e6 7. f4 Be7 8. Qf3
Qc7 9. O-O-O Nbd7 10. f5 e5 11. Nde2 b5 12. Bxf6 Nxf6 13. Nd5 Nxd5 14. exd5 Bb7
15. Ng3 O-O 16. Bd3 f6 17. Nh5 Rf7 18. g4 b4 19. h4 a5 20. Qe4 Bd8 21. Rdg1 Qc5
22. g5 Bxd5 23. Qg4 Raa7 24. Rh3 e4 25. Be2 a4 26. g6 hxg6 27. Qxg6 Rac7 28.
Bd1 a3 29. b3 Qd4 30. Nxg7 Qb2+ 31. Kd2 Qd4+ 32. Ke1 Rxg7 33. Qe8+ Kh7 34. Qh5+
Kg8 35. Qe8+ Kh7 36. Qh5+ 1/2-1/2

[Event "2015 British Chess Championships: Championship"]
[Site "University of Warwick, Coventry, Warwickshire"]
[Date "2015.08.07"]
[Round "11"]
[Board "22"]
[White "Kalavannan, Koby"]
[Black "Burnett, Jim"]
[Result "1/2-1/2"]
[WhiteElo "2178"]
[BlackElo "2091"]
[PlyCount "54"]
[EventDate "2015.07.27"]
[EventRounds "11"]
[EventCountry "ENG"]

1. d4 d5 2. Nf3 e6 3. c4 Nf6 4. g3 Be7 5. Bg2 O-O 6. O-O c6 7. Nbd2 Nbd7 8. Qc2
b6 9. e4 Bb7 10. b3 Rc8 11. Bb2 Qc7 12. Rfe1 Rfd8 13. Rad1 dxe4 14. Nxe4 c5 15.
Nxf6+ Bxf6 16. dxc5 bxc5 17. Nd2 Bxg2 18. Kxg2 Bxb2 19. Qxb2 Nf6 20. Ne4 Nxe4
21. Rxd8+ Rxd8 22. Rxe4 Qc6 23. f3 f6 24. Re2 Rd3 25. Rf2 e5 26. Qe2 Rd4 27.
Qe3 Qd7 1/2-1/2

[Event "2015 British Chess Championships: Championship"]
[Site "University of Warwick, Coventry, Warwickshire"]
[Date "2015.08.07"]
[Round "11"]
[Board "23"]
[White "Willson, Ollie"]
[Black "Beckett, Chris J"]
[Result "1/2-1/2"]
[WhiteElo "1909"]
[BlackElo "2160"]
[PlyCount "44"]
[EventDate "2015.07.27"]
[EventRounds "11"]
[EventCountry "ENG"]

1. Nf3 d6 2. d4 Nf6 3. g3 g6 4. Bg2 Bg7 5. O-O O-O 6. c4 c6 7. Nc3 Bf5 8. Nh4
Be6 9. Qd3 d5 10. b3 Nbd7 11. Rd1 Nb6 12. c5 Nbd7 13. Bf4 Ne8 14. b4 f6 15. Bc1
Bf7 16. e4 dxe4 17. Nxe4 Nc7 18. Bb2 a5 19. a3 a4 20. f4 Bb3 21. Re1 f5 22. Nd2
Bd5 1/2-1/2

[Event "2015 British Chess Championships: Championship"]
[Site "University of Warwick, Coventry, Warwickshire"]
[Date "2015.08.07"]
[Round "11"]
[Board "24"]
[White "Shaw, Peter"]
[Black "Grieve, Harry"]
[Result "1/2-1/2"]
[WhiteElo "2146"]
[BlackElo "1899"]
[PlyCount "62"]
[EventDate "2015.07.27"]
[EventRounds "11"]
[EventCountry "ENG"]

1. d4 Nf6 2. c4 e6 3. Nc3 Bb4 4. Qc2 O-O 5. a3 Bxc3+ 6. Qxc3 b6 7. Bg5 Bb7 8.
e3 d6 9. Nf3 Nbd7 10. Be2 h6 11. Bh4 g5 12. Bg3 Ne4 13. Qc2 f5 14. Nd2 Nxd2 15.
Qxd2 Bxg2 16. Rg1 Bb7 17. O-O-O Nf6 18. f3 Rf7 19. h4 Rg7 20. hxg5 hxg5 21.
Rdf1 Qe7 22. Bd3 Rf8 23. Qe2 Nd7 24. Be1 e5 25. dxe5 dxe5 26. Bc3 Rg6 27. Qh2
Rf7 28. Qh5 Nf8 29. Qh2 Nd7 30. Qh5 Nf8 31. Qh2 Nd7 1/2-1/2

[Event "2015 British Chess Championships: Championship"]
[Site "University of Warwick, Coventry, Warwickshire"]
[Date "2015.08.07"]
[Round "11"]
[Board "25"]
[White "Myall, Ivan J"]
[Black "Peacock, Malcolm R"]
[Result "1-0"]
[WhiteElo "2048"]
[BlackElo "2123"]
[PlyCount "103"]
[EventDate "2015.07.27"]
[EventRounds "11"]
[EventCountry "ENG"]

1. e4 e6 2. d4 d5 3. e5 c5 4. c3 Nc6 5. Nf3 Bd7 6. Be2 f6 7. O-O cxd4 8. cxd4
fxe5 9. dxe5 Qc7 10. Bf4 Qb6 11. b3 Nge7 12. Nc3 Ng6 13. Bg3 Bb4 14. Rc1 Nce7
15. Bd3 Bxc3 16. Rxc3 O-O 17. Qe2 Be8 18. Qc2 Bb5 19. Bxb5 Qxb5 20. Rc5 Qb6 21.
Qc3 Rac8 22. Rc1 Rxc5 23. Qxc5 Qxc5 24. Rxc5 Rc8 25. Rxc8+ Nxc8 26. Ng5 Nf8 27.
f4 h6 28. Nh3 Kf7 29. Be1 Nd7 30. Bb4 a6 31. Kf2 Na7 32. Ke3 Nc6 33. Bd6 Kg6
34. g4 Nb6 35. Ng1 Nc8 36. Ba3 Kf7 37. Nf3 N8a7 38. h4 b5 39. Bc5 Nc8 40. f5
exf5 41. gxf5 g6 42. f6 b4 43. Kf4 N8a7 44. Bxa7 Nxa7 45. Nd4 Nb5 46. Nxb5 axb5
47. h5 gxh5 48. Kf5 h4 49. e6+ Kf8 50. Kg6 h3 51. e7+ Ke8 52. f7+ 1-0

[Event "2015 British Chess Championships: Championship"]
[Site "University of Warwick, Coventry, Warwickshire"]
[Date "2015.08.07"]
[Round "11"]
[Board "26"]
[White "Slade, Theodore"]
[Black "Mckenna, Jason P"]
[Result "0-1"]
[WhiteElo "1962"]
[BlackElo "2175"]
[PlyCount "66"]
[EventDate "2015.07.27"]
[EventRounds "11"]
[EventCountry "ENG"]

1. e4 g6 2. d4 Bg7 3. Nc3 d6 4. Nf3 Nf6 5. Be2 O-O 6. O-O c6 7. a4 Nbd7 8. Be3
Qc7 9. a5 Rb8 10. Nd2 b5 11. axb6 axb6 12. d5 cxd5 13. exd5 Qd8 14. Ba6 Bxa6
15. Rxa6 b5 16. Ba7 b4 17. Bxb8 Nxb8 18. Ra7 bxc3 19. Nc4 cxb2 20. Re1 Nfd7 21.
Qd2 Qc8 22. Qb4 Ne5 23. Nxb2 Qxc2 24. Rxe7 Nbd7 25. f4 Bf6 26. fxe5 Bxe7 27.
exd6 Bf6 28. Na4 Ra8 29. Nb6 Ra2 30. Re8+ Kg7 31. Qg4 Ra1+ 32. Qd1 Rxd1+ 33.
Re1 Rxe1# 0-1

[Event "2015 British Chess Championships: Championship"]
[Site "University of Warwick, Coventry, Warwickshire"]
[Date "2015.08.07"]
[Round "11"]
[Board "27"]
[White "Evans, Nicholas Thomas"]
[Black "Graham, David B"]
[Result "0-1"]
[WhiteElo "1923"]
[BlackElo "2162"]
[PlyCount "84"]
[EventDate "2015.07.27"]
[EventRounds "11"]
[EventCountry "ENG"]

1. d4 Nf6 2. c4 g6 3. Nf3 Bg7 4. g3 d6 5. Bg2 O-O 6. O-O Nc6 7. Nc3 Bg4 8. d5
Na5 9. Nd2 c5 10. Qc2 e5 11. h3 Bd7 12. e3 Ne8 13. b3 f5 14. f4 a6 15. Bb2 Rb8
16. Rab1 b5 17. Ne2 e4 18. Bxg7 Nxg7 19. Kh2 Qf6 20. Qc3 Qxc3 21. Nxc3 Rfc8 22.
Rfc1 Ne8 23. Bf1 Nf6 24. Be2 Kf7 25. g4 b4 26. Nd1 Nb7 27. Nf2 a5 28. a4 bxa3
29. Ra1 a4 30. g5 Nh5 31. Rxa3 Na5 32. Rb1 Nxf4 33. exf4 e3 34. Nde4 fxe4 35.
Nxe4 Ke7 36. Rc1 Rxb3 37. Rc3 Rcb8 38. Rxe3 Rxa3 39. Rxa3 Rb2 40. Re3 Nxc4 41.
Rf3 Rxe2+ 42. Nf2 Nd2 0-1

[Event "2015 British Chess Championships: Championship"]
[Site "University of Warwick, Coventry, Warwickshire"]
[Date "2015.08.07"]
[Round "11"]
[Board "28"]
[White "Eagleton, Greg T"]
[Black "Waters, Clive L"]
[Result "0-1"]
[WhiteElo "1994"]
[BlackElo "2147"]
[PlyCount "65"]
[EventDate "2015.07.27"]
[EventRounds "11"]
[EventCountry "ENG"]

1. d4 d5 2. c4 dxc4 3. Nc3 e5 4. d5 Nf6 5. Bg5 Bd6 6. e4 a6 7. a4 O-O 8. Bxc4
Nbd7 9. Nge2 Re8 10. Ng3 h6 11. Be3 Nf8 12. O-O Ng6 13. f3 Nf4 14. Rb1 N6h5 15.
Nxh5 Nxh5 16. b4 Qe7 17. Qb3 Nf4 18. Rb2 Kh8 19. b5 Bc5 20. Nd1 axb5 21. Bxb5
Rd8 22. Qc3 Bxe3+ 23. Nxe3 c6 24. dxc6 bxc6 25. Qxc6 Qa7 26. Kh1 Bd7 27. Qc1
Bxb5 28. Rxb5 Rac8 29. Qe1 Qxa4 30. Qa5 Qd4 31. Qe1 Rc3 32. Nd5 Nd3 33. Qa1 0-1

[Event "2015 British Chess Championships: Championship"]
[Site "University of Warwick, Coventry, Warwickshire"]
[Date "2015.08.07"]
[Round "11"]
[Board "29"]
[White "Pleasants, Allan J"]
[Black "Ilett, Raymond J"]
[Result "1/2-1/2"]
[WhiteElo "2120"]
[BlackElo "1886"]
[PlyCount "65"]
[EventDate "2015.07.27"]
[EventRounds "11"]
[EventCountry "ENG"]

1. d4 Nf6 2. Nf3 b6 3. Nbd2 Bb7 4. e3 e6 5. Bd3 c5 6. O-O Nc6 7. Re1 Qc7 8. c4
Be7 9. b3 d5 10. Bb2 O-O 11. Rc1 Nb4 12. Bb1 Ne4 13. a3 Na6 14. cxd5 exd5 15.
Ne5 f6 16. Nd3 Bd6 17. Nf1 Qf7 18. f3 Ng5 19. Ng3 Bxg3 20. hxg3 Rfe8 21. Kf2
Qe7 22. Nf4 Rad8 23. Qd3 Nc7 24. Qc2 Na6 25. Re2 Rc8 26. Qf5 g6 27. Qd3 Nc7 28.
Ree1 Nce6 29. Rcd1 Rcd8 30. Qc3 cxd4 31. exd4 Rc8 32. Qd3 Qd6 33. Nxe6 1/2-1/2

[Event "2015 British Chess Championships: Championship"]
[Site "University of Warwick, Coventry, Warwickshire"]
[Date "2015.08.07"]
[Round "11"]
[Board "30"]
[White "Fryer, David W"]
[Black "Edge, John"]
[Result "1-0"]
[WhiteElo "1951"]
[BlackElo "2080"]
[PlyCount "75"]
[EventDate "2015.07.27"]
[EventRounds "11"]
[EventCountry "ENG"]

1. e4 c5 2. Nc3 Nc6 3. g3 g6 4. Bg2 Bg7 5. d3 d6 6. Be3 e5 7. Qd2 Nge7 8. f4
Be6 9. Nf3 Nd4 10. Ng5 Bd7 11. O-O O-O 12. h3 b5 13. Rae1 Rc8 14. g4 f6 15. Nf3
f5 16. exf5 gxf5 17. fxe5 fxg4 18. hxg4 Bxg4 19. Nxd4 Rxf1+ 20. Rxf1 cxd4 21.
Bxd4 dxe5 22. Bxa7 b4 23. Ne4 Qa5 24. Bf2 Ng6 25. Qg5 Be2 26. Bh3 Rf8 27. Re1
Nf4 28. Qh4 Bh5 29. Kh2 Bg6 30. Rg1 Nxh3 31. Kxh3 Qxa2 32. Bc5 Qe6+ 33. Kh2 Rf5
34. Ng5 Qd5 35. Qxb4 Qd8 36. Ne6 Rh5+ 37. Kg3 Qh4+ 38. Qxh4 1-0

[Event "2015 British Chess Championships: Championship"]
[Site "University of Warwick, Coventry, Warwickshire"]
[Date "2015.08.07"]
[Round "11"]
[Board "31"]
[White "Zhu, Richard"]
[Black "Menadue, Jeremy F S"]
[Result "0-1"]
[WhiteElo "1869"]
[BlackElo "2042"]
[PlyCount "46"]
[EventDate "2015.07.27"]
[EventRounds "11"]
[EventCountry "ENG"]

1. Nf3 Nf6 2. g3 d5 3. Bg2 c6 4. O-O Bf5 5. c4 e6 6. cxd5 exd5 7. d3 Be7 8. Qb3
Qb6 9. Qc2 Nbd7 10. Nc3 h6 11. e4 dxe4 12. dxe4 Be6 13. Be3 Qa5 14. Rfd1 Qh5
15. Nd4 Ng4 16. Nxe6 Qxh2+ 17. Kf1 Nxe3+ 18. fxe3 fxe6 19. Ne2 Rf8+ 20. Nf4
Qxg3 21. Qb3 Nc5 22. Qc3 g5 23. b4 Rxf4+ 0-1

[Event "2015 British Chess Championships: Championship"]
[Site "University of Warwick, Coventry, Warwickshire"]
[Date "2015.08.07"]
[Round "11"]
[Board "32"]
[White "Golding, Alex"]
[Black "Page, Mark E"]
[Result "0-1"]
[WhiteElo "1963"]
[BlackElo "2096"]
[PlyCount "96"]
[EventDate "2015.07.27"]
[EventRounds "11"]
[EventCountry "ENG"]

1. a3 g6 2. e4 Bg7 3. Nf3 d6 4. d4 Nf6 5. Bd3 O-O 6. O-O Nc6 7. c4 Bg4 8. Be3
e5 9. d5 Nd4 10. Nbd2 c5 11. h3 Bd7 12. b4 b6 13. Nxd4 cxd4 14. Bg5 h6 15. Bh4
g5 16. Bg3 Nh7 17. Rc1 Qe7 18. Qe2 Rfc8 19. Rc2 Nf8 20. Rfc1 Ng6 21. Qh5 Ba4
22. Ra2 Be8 23. Qd1 Rc7 24. Be2 Rac8 25. Bg4 Bd7 26. Bxd7 Qxd7 27. Qb3 h5 28.
Rac2 Bh6 29. c5 bxc5 30. bxc5 dxc5 31. Rb1 g4 32. Nc4 Re8 33. hxg4 hxg4 34. Qb5
d3 35. Qxd7 Rxd7 36. Rc3 d2 37. Rd3 f5 38. f3 f4 39. Bf2 g3 40. Bxc5 Rc8 41.
Rb5 Rdc7 42. d6 Rxc5 43. Rxc5 Rxc5 44. d7 Bg5 45. d8=Q+ Bxd8 46. Rxd8+ Kf7 47.
Nxd2 Rc1+ 48. Nf1 Nf8 0-1

[Event "2015 British Chess Championships: Championship"]
[Site "University of Warwick, Coventry, Warwickshire"]
[Date "2015.08.07"]
[Round "11"]
[Board "33"]
[White "Willow, Jonah B"]
[Black "Shepherd, Katherine M"]
[Result "1-0"]
[WhiteElo "1918"]
[BlackElo "1864"]
[PlyCount "49"]
[EventDate "2015.07.27"]
[EventRounds "11"]
[EventCountry "ENG"]

1. e4 e6 2. d4 d5 3. Nc3 dxe4 4. Nxe4 Nd7 5. Nf3 Ngf6 6. Bd3 Nxe4 7. Bxe4 Nf6
8. Bd3 c5 9. O-O Be7 10. Be3 Qc7 11. Ne5 O-O 12. Re1 Rd8 13. c3 b6 14. g4 Nd7
15. Qc2 h6 16. Bh7+ Kf8 17. Nxf7 Kxf7 18. Qg6+ Kf8 19. Bxh6 Bf6 20. Rxe6 Bb7
21. Rae1 Be5 22. Qf5+ Nf6 23. Rxf6+ Bxf6 24. Qxf6+ Qf7 25. Bxg7# 1-0

[Event "2015 British Chess Championships: Championship"]
[Site "University of Warwick, Coventry, Warwickshire"]
[Date "2015.08.07"]
[Round "11"]
[Board "34"]
[White "Paterson, Andrew I"]
[Black "Wager, John D"]
[Result "0-1"]
[WhiteElo "2039"]
[BlackElo "2117"]
[PlyCount "48"]
[EventDate "2015.07.27"]
[EventRounds "11"]
[EventCountry "ENG"]

1. e4 e5 2. Nf3 Nf6 3. Nxe5 d6 4. Nf3 Nxe4 5. Nc3 Nxc3 6. dxc3 Be7 7. Bf4 Nc6
8. Qd2 Be6 9. O-O-O Qd7 10. Kb1 O-O-O 11. Nd4 a6 12. Be2 Bf6 13. Nxe6 fxe6 14.
Bg4 Rde8 15. Rhe1 Re7 16. c4 Kb8 17. c5 d5 18. c4 Qe8 19. cxd5 exd5 20. Bxc7+
Kxc7 21. Qxd5 Kb8 22. Qd6+ Ka7 23. Bd7 Qg6+ 24. Ka1 Qc2 0-1

[Event "2015 British Chess Championships: Championship"]
[Site "University of Warwick, Coventry, Warwickshire"]
[Date "2015.08.07"]
[Round "11"]
[Board "35"]
[White "Lentzos, Ioanis"]
[Black "Rice, Chris B"]
[Result "1-0"]
[WhiteElo "2019"]
[BlackElo "2015"]
[PlyCount "65"]
[EventDate "2015.07.27"]
[EventRounds "11"]
[EventCountry "ENG"]

1. e4 e6 2. d3 d5 3. Qe2 Nf6 4. Nf3 Be7 5. g3 c5 6. Bg2 b5 7. O-O Nc6 8. Re1
Bb7 9. e5 Nd7 10. Nbd2 Qc7 11. c4 bxc4 12. dxc4 Ba6 13. b3 Nb4 14. Nf1 dxc4 15.
bxc4 Nb6 16. N3d2 Rd8 17. Be4 Qxe5 18. Rb1 Qd6 19. Bb2 Bf6 20. Bxf6 gxf6 21.
Qf3 Nxc4 22. Nxc4 Bxc4 23. Ne3 Bd3 24. Rbd1 Qd4 25. Ng4 Bxe4 26. Nxf6+ Ke7 27.
Nxe4 Qe5 28. Nd6 Qf6 29. Qb7+ Kf8 30. Qxa7 Kg7 31. Qxc5 Nxa2 32. Re4 h5 33. Rf4
 1-0

[Event "2015 British Chess Championships: Championship"]
[Site "University of Warwick, Coventry, Warwickshire"]
[Date "2015.08.07"]
[Round "11"]
[Board "36"]
[White "Ashworth, Michael"]
[Black "Garnett, John S"]
[Result "1/2-1/2"]
[WhiteElo "1912"]
[BlackElo "1984"]
[PlyCount "82"]
[EventDate "2015.07.27"]
[EventRounds "11"]
[EventCountry "ENG"]

1. d4 Nf6 2. c4 c5 3. d5 b5 4. cxb5 a6 5. bxa6 g6 6. Nc3 Bxa6 7. e4 Bxf1 8.
Kxf1 d6 9. g3 Bg7 10. Kg2 O-O 11. Nf3 Na6 12. Qe2 Qb6 13. Nd2 Nc7 14. Nc4 Qa6
15. a4 Rfb8 16. Bd2 Nd7 17. Rhe1 Nb6 18. Nxb6 Qxb6 19. Reb1 e6 20. Qd3 exd5 21.
Nxd5 Nxd5 22. Qxd5 Qb7 23. Qd3 Qc6 24. Qc2 Re8 25. Re1 d5 26. exd5 Qxd5+ 27. f3
Bd4 28. Rxe8+ Rxe8 29. Re1 Rb8 30. Bc3 Qc4 31. Re2 Bxc3 32. bxc3 Rb3 33. Re4
Qxc3 34. Qxc3 Rxc3 35. Re8+ Kg7 36. a5 Rc2+ 37. Kh3 Ra2 38. Ra8 c4 39. a6 c3
40. a7 c2 41. Rc8 Rxa7 1/2-1/2

[Event "2015 British Chess Championships: Championship"]
[Site "University of Warwick, Coventry, Warwickshire"]
[Date "2015.08.07"]
[Round "11"]
[Board "37"]
[White "Wilson, Matthew R"]
[Black "Brozel, Sacha"]
[Result "1/2-1/2"]
[WhiteElo "1842"]
[BlackElo "1976"]
[PlyCount "94"]
[EventDate "2015.07.27"]
[EventRounds "11"]
[EventCountry "ENG"]

1. e4 c5 2. Nc3 e6 3. f4 Nc6 4. Nf3 Nge7 5. d4 cxd4 6. Nxd4 Nxd4 7. Qxd4 Nc6 8.
Qf2 Bb4 9. Bd2 a6 10. Bd3 b6 11. O-O Bc5 12. Be3 Bxe3 13. Qxe3 O-O 14. Qh3 Nb4
15. f5 Nxd3 16. cxd3 f6 17. Rf4 e5 18. Rh4 h6 19. Rg4 Kh7 20. Nd5 Bb7 21. Qh5
Qe8 22. Qg6+ Qxg6 23. fxg6+ Kg8 24. Ne7+ Kh8 25. Nf5 Rfc8 26. Nd6 Rc6 27. Nxb7
Rb8 28. Rg3 Rxb7 29. Rf3 Rbc7 30. Raf1 Rc2 31. R3f2 Rxf2 32. Rxf2 Rc1+ 33. Rf1
Rxf1+ 34. Kxf1 Kg8 35. g4 Kf8 36. Ke2 a5 37. a4 Ke7 38. d4 exd4 39. Kd3 Ke6 40.
Kxd4 Kd6 41. h3 Ke6 42. Kd3 Ke5 43. Ke3 Kd6 44. Kd4 Ke6 45. Kd3 Ke5 46. Ke3 d6
47. b3 d5 1/2-1/2